banner-ar

INTERNATIONAL HUMAN RIGHTS IN CONTEXT: LAW, POLITICS AND MORALS / (Record no. 14411)

MARC details
000 -الفاتح
حقل البيانات ثابتة الطول 00547nam a2200205Ia 4500
008 - عناصر البيانات ثابتة الطول - معلومات عامة
حقل البيانات ثابتة الطول 140319s9999 xx 000 0 eng d
040 ## - مصدر الفهرسة
وكالة الفهرسة الأصلية GCL /
وكالة النسخ GCL
082 04 - رقم تصنيف ديوى العشرى
رقم التصنيف 341.481
رقم المادة S I
100 1# - المدخل الرئيسى - إسم شخصى
الإسم الشخصى ALSTON, PHILIP
245 10 - بيان العنوان
العنوان INTERNATIONAL HUMAN RIGHTS IN CONTEXT: LAW, POLITICS AND MORALS /
بيان المسئوليه,etc ALSTON, PHILIP
700 1# - المدخل الاضافى - اسم شخصى
الإسم الشخصى STEINER, HENRY
260 ## - PUBLICATION, DISTRIBUTION, ETC. (IMPRINT)
تاريخ النشر أو التوزيع 1996
300 ## - الوصف المادى
التعداد 1245 P
650 04 - المدخل الاضافى بالموضوع-مصطلح موضوعى
مصطلح موضوعي HUMAN RIGHTS
650 04 - المدخل الاضافى بالموضوع-مصطلح موضوعى
مصطلح موضوعي LAW
650 04 - المدخل الاضافى بالموضوع-مصطلح موضوعى
مصطلح موضوعي INTERNATIONAL LAW
650 04 - المدخل الاضافى بالموضوع-مصطلح موضوعى
مصطلح موضوعي POLICY
942 ## - عناصر المدخل الإضافي( كوها)
مصدر التصنيف او مخطط الترفيف Dewey Decimal Classification
Koha [default] item type كتاب
260 ## - PUBLICATION, DISTRIBUTION, ETC. (IMPRINT)
-- [S.N] :
-- CALSENDON PRESS ،
Holdings
حالة التراجع حالة الفقد حالة تلف ليس للاعارة المكان المؤقت الموقع الحالى تاريخ الاكتساب اجمالي اﻻعارات رقم الطلب الباركود تاريخ اخر مشاهدة تاريخ تفعيل السعر نوع وعاء كوها
        مكتبة القاهرة الكبرى مكتبة القاهرة الكبرى 03/26/2014   341.481\S I 27065 03/26/2014 03/26/2014 كتاب

Powered By

EGPV